|
|
|
|
| LEADER |
00000nam a2200000 a 4500 |
| 001 |
UCX6746 |
| 003 |
CL-VaPUC |
| 008 |
930812e19910000SP |||||||||||||||||spa|d |
| 020 |
|
|
|a 8434826550
|
| 082 |
0 |
4 |
|a 268.58
|b AGU
|2 21
|
| 100 |
0 |
|
|a Aguilera, E
|e author
|9 323367
|
| 700 |
0 |
|
|a Casataño, G
|e author
|9 323368
|
| 700 |
0 |
|
|a Cortés, J
|e author
|9 323369
|
| 700 |
0 |
|
|a González, D
|e author
|9 323370
|
| 245 |
1 |
0 |
|a Jesús, el Señor: religión católica
|
| 300 |
|
|
|a 253 p
|
| 942 |
|
|
|c BK
|
| 945 |
|
|
|d 19930812 00:00:00
|
| 260 |
|
|
|a Madrid
|b S.M
|c 1991
|
| 650 |
|
0 |
|a Religión
|x Enseñanza
|9 323371
|
| 650 |
|
0 |
|a Educación religiosa
|9 308312
|
| 650 |
|
7 |
|a LIBROS DE TEXTOS
|2 CL-VaPUC
|9 323372
|
| 583 |
|
|
|a last modification
|c 19930812 00:00:00
|k Rodrigo Vera
|
| 490 |
0 |
|
|a BUP, 1
|
| 999 |
|
|
|c 226721
|d 226719
|
| 952 |
|
|
|0 0
|1 0
|4 0
|6 268_580000000000000_AGU_1991
|7 0
|8 A
|9 225277
|a BIBTEO
|b BIBTEO
|d 2019-11-15
|i 293986K
|o 268.58 AGU 1991
|p 293986K
|r 2025-01-17
|w 2019-11-15
|y BK
|k ICR
|
| 952 |
|
|
|0 0
|1 2
|4 0
|6 268_580000000000000_AGU_1991
|7 0
|8 A
|9 225278
|a BIBTEO
|b BIBTEO
|d 2019-11-15
|i 2939878
|o 268.58 AGU 1991
|p 2939878
|r 2019-11-15
|w 2019-11-15
|x Descarte 2019
|y BK
|k ICR
|
| 952 |
|
|
|0 0
|1 0
|4 0
|6 268_580000000000000_AGU_1991
|7 0
|8 A
|9 225279
|a BIBTEO
|b BIBTEO
|d 2019-11-15
|i 3416283
|o 268.58 AGU 1991
|p 3416283
|r 2025-01-17
|w 2019-11-15
|y BK
|k ICR
|
| 952 |
|
|
|0 0
|1 0
|4 0
|6 268_580000000000000_AGU_1991
|7 0
|8 A
|9 225280
|a BIBTEO
|b BIBTEO
|d 2019-11-15
|i 3416291
|o 268.58 AGU 1991
|p 3416291
|r 2025-01-17
|w 2019-11-15
|y BK
|k ICR
|